| 000 | 00345nam a22001457a 4500 | ||
|---|---|---|---|
| 020 | _qHB. | ||
| 040 | _cFIZZA ISHAQ | ||
| 082 |
_a530 _bJEW |
||
| 100 |
_aJEWETT,SERWAY. _9109204 |
||
| 245 |
_aPHYSICS FOR SCIENTISTS & ENGINEERS / _cSERWAY JEWETT. |
||
| 250 | _a6TH ED. | ||
| 260 |
_aNEW YORK; _c2004. |
||
| 300 | _a1552 P. ; | ||
| 942 |
_2ddc _cBK |
||
| 999 |
_c614957 _d614957 |
||